Estadísticas para Campeones de la Supercopa de la UEFA

Haz click aquí para intentar la prueba.

Estadísticas generales

  • Esta prueba ha sido intentada 70 veces
  • La puntuación promedio es 32 de 47

Estadísticas de respuestas

EdiciónCampeón% Correcto
2015Barcelona
100%
1992Barcelona
100%
1997Barcelona
100%
2009Barcelona
100%
2011Barcelona
100%
2022Real Madrid
100%
2002Real Madrid
100%
2017Real Madrid
100%
2016Real Madrid
100%
2014Real Madrid
100%
2021Chelsea
90%
1998Chelsea
90%
2007Milan
88%
1994Milan
88%
1990Milan
88%
2003Milan
88%
1989Milan
88%
2006Sevilla
88%
1991Manchester United
87%
2005Liverpool
85%
2019Liverpool
85%
2001Liverpool
85%
1977Liverpool
85%
2010Atlético de Madrid
81%
2012Atlético de Madrid
81%
2018Atlético de Madrid
81%
1996Juventus
81%
1984Juventus
81%
1973Ajax
73%
1995Ajax
73%
1987Porto
62%
1979Nottingham Forest
56%
2004Valencia
54%
1980Valencia
54%
1982Aston Villa
48%
2013Bayern de Munich
48%
2020Bayern de Munich
48%
1999Lazio
38%
2008Zenit
37%
1993Parma
27%
1986Steaua de Bucarest
27%
2000Galatasaray
21%
1978Anderlecht
12%
1976Anderlecht
12%
1975Dinamo de Kiev
10%
1983Abardeen
0%
1988KV Malinas
0%

Distribución de puntuación

Porcentaje por número respondido

Porcentaje de gente con cada puntuación

Historial de tus puntuaciones

No has intentado esta prueba.